Английский язык. Полный курс. Шаг за шагом + аудиоприложение Lecta

Podrobná bibliografie
Hlavní autor: Тер-Минасова С. Г. Светлана Григорьевна
Další autoři: Костюкова К. С. Коринна Сергеевна, Павловская О. А. Ольга Анатольевна
Shrnutí:Данный учебный курс по английскому языку состоит из 20 уроков, содержащих основные грамматические темы, необходимую в повседневном общении лексику, упражнения с ключами, а также страноведческую информацию. Курс построен по принципу "от простого к сложному", а использующиеся методические приемы проверены многолетней практикой. Фонетические упражнения и тексты озвучены носителями языка и доступны совершенно бесплатно на сайте российской образовательной платформы LECTA (lecta.ru <http://lecta.ru>). Данный курс предназначен для начинающих изучать язык. Гарантированный результат обучения владения языком по окончании курса — уровень В1 Общеевропейской компетенции владения.
Jazyk:angličtina
ruština
Vydáno: Москва, АСТ, 2017
Edice:Шаг за шагом. Полный курс.
Témata:
Médium: MixedMaterials Kniha
KOHA link:https://koha.lib.tpu.ru/cgi-bin/koha/opac-detail.pl?biblionumber=341992

MARC

LEADER 00000nam0a2200000 4500
001 341992
005 20231102005414.0
010 |a 9785171044442 
035 |a (RuTPU)RU\TPU\book\370439 
090 |a 341992 
100 |a 20181121d2017 m y0rusy50 ca 
101 0 |a eng  |a rus 
102 |a RU 
105 |a a j 001zy 
200 1 |a Английский язык. Полный курс. Шаг за шагом + аудиоприложение Lecta  |f С. Г. Тер-Минасова, К. С. Костюкова, О. А. Павловская 
210 |a Москва  |c АСТ  |d 2017 
215 |a 640 с. 
225 1 |a Шаг за шагом. Полный курс. 
320 |a Англо-русский словарь: с. 580-619 
330 |a Данный учебный курс по английскому языку состоит из 20 уроков, содержащих основные грамматические темы, необходимую в повседневном общении лексику, упражнения с ключами, а также страноведческую информацию. Курс построен по принципу "от простого к сложному", а использующиеся методические приемы проверены многолетней практикой. Фонетические упражнения и тексты озвучены носителями языка и доступны совершенно бесплатно на сайте российской образовательной платформы LECTA (lecta.ru <http://lecta.ru>). Данный курс предназначен для начинающих изучать язык. Гарантированный результат обучения владения языком по окончании курса — уровень В1 Общеевропейской компетенции владения. 
606 1 |a Английский язык  |x Учебные руководства и пособия  |2 stltpush  |3 (RuTPU)RU\TPU\subj\29071  |9 52481 
610 1 |a лексика 
610 1 |a грамматика 
610 1 |a речевое общение 
610 1 |a упражнения 
686 |a Ш143.21-923  |v LBC/SL-A  |2 rubbk 
700 1 |a Тер-Минасова  |b С. Г.  |g Светлана Григорьевна 
701 1 |a Костюкова  |b К. С.  |g Коринна Сергеевна 
701 1 |a Павловская  |b О. А.  |g Ольга Анатольевна 
801 1 |a RU  |b 63413507  |c 20181121 
801 2 |a RU  |b 63413507  |c 20181212  |g RCR 
942 |c BK